| 000 | 01317cam a22003734a 4500 | ||
|---|---|---|---|
| 001 | 12924005 | ||
| 005 | 20170924143652.0 | ||
| 008 | 020910s2006 ncu | b 001 0 eng d | ||
| 010 | _a 2002014630 | ||
| 020 | _a9780230000015 (hardback) | ||
| 020 | _a0230000010 (hardback) | ||
| 020 | _a9780230000025 (paperback) | ||
| 020 | _a0230000029 (paperback) | ||
| 040 |
_aDLC _beng _cDLC _dDLC _dEG-ScBUE |
||
| 043 | _ae------ | ||
| 082 | 0 | 4 |
_a341.2422 _bNUG _222 |
| 100 | 1 |
_aNugent, Neill. _98225 |
|
| 245 | 1 | 4 |
_aThe Government and politics of the European union / _cNeill Nugent. |
| 250 | _a6th ed. | ||
| 260 |
_aNew York : _bPalgrave Macmillan, _cc.2006. |
||
| 300 |
_axxiii, 630 p. : _bill. ; _c24 cm. |
||
| 490 | 0 | _aEuropean Union Series ; | |
| 504 | _aIncludes bibliographical references and index. | ||
| 610 | 2 | 7 |
_aEuropean Union. _2BUEsh _98226 |
| 610 | 2 | 7 |
_aCommission of the European Communities. _2BUEsh _98227 |
| 610 | 2 | 7 |
_aCouncil of the European Communities. _2BUEsh _98228 |
| 610 | 2 | 7 |
_aEuropean Parliament. _2BUEsh _98229 |
| 610 | 2 | 7 |
_aCourt of Justice of the European Communities. _2BUEsh _98230 |
| 650 | 7 |
_aEuropean Union countries _xPolitics and government. _2BUEsh _98231 |
|
| 650 | 7 |
_aEuropean Union. _2BUEsh _98232 |
|
| 651 | _2BUEsh | ||
| 653 |
_bLLAAWW _cSeptember2017 |
||
| 942 |
_2ddc _cBB |
||
| 999 |
_c13328 _d13328 |
||